000 00644nam a2200229Ia 4500
003 OSt
005 20220918181308.0
006 a|||||r|||| 00| 0
007 ta
008 220917b |||||||| |||| 00| 0 eng d
024 _a26,479
037 _cTextual
040 _aARTS
_cARTS
_beng
041 _2eng
_aeng
082 _aO111,1M12:gM89<-N71, L5
100 _aRyals Clyde De L
_954293
245 0 _aBrowning later poetry 1871-1889
260 _aIthaca
_bCornell Univ Press
_c1975
650 _aENGLISH LITERATURE
942 _hO111,1M12:gM89<-N71, L5
_cTEXL
_2CC
999 _c165094
_d165094